| 000 | 00367nam a2200145Ia 4500 | ||
|---|---|---|---|
| 005 | 20240823064414.0 | ||
| 008 | 240823s9999||||xx |||||||||||||| ||und|| | ||
| 082 | _A005.133 P6 | ||
| 100 | _aSteven Holzner et al. | ||
| 245 | 0 | _aJava 2 Programming : Black Book | |
| 260 |
_c2006 _bDreamtech New |
||
| 500 | _aYES | ||
| 650 |
_aJAVA _bComputer Science |
||
| 942 | _cNB | ||
| 999 |
_c240637 _d240637 |
||